000 01214cam a22003131i 4500
003 SA-RiAUC
005 20251019134834.0
008 250924s1988 le g b 00100cara c
040 _aSA-RiAUC
_bara
_cSA-RiAUC
_erda
043 _aa-ye---
082 0 4 _a953.2
_qSA-RiAUC
090 _a953.2
_bع م ر
100 1 _aالعمري، حسين بن عبد الله
_eمؤلف.
245 1 2 _aالمؤرخون اليمنيون في العصر الحديث :
_bبحث في التاريخ والمؤرخين /
_cحسين بن عبد الله العمري.
250 _aالطبعة الأولى.
264 1 _aدمشق :
_bدار الفكر المعاصر،
_c1988
300 _a128 صفحة ؛
_c24 سم
336 _aنص
_btxt
_2rdacontent
_3كتاب
337 _aبدون وسيط
_bn
_2rdamedia
338 _aمجلد
_bnc
_2rdacarrier
500 _aكشاف : صفحة 109-127.
504 _aببليوجرافية : صفحة 107-108.
650 7 _aالمؤرخون اليمنيون
_vتراجم
_2aucsh
651 7 _aاليمن
_xتاريخ
_yقرن 20
_2aucsh
942 _2ddc
_cBOOK
_n0
949 _aSA-JeALM
_d250924
_umohamedma123
_n1
999 _c12597
_d12597